000
00324cam a2200133ua 4500
041
_a
eng
_h
100
_a
Sinha babu, D.P .
245
_a
Rice-Fish An Intergrated Farming system for waterlonged low lands
260
_a
:
_b
FarmDepartment ,
_c
1997.
300
_a
; .
504
_a
942
_c
BK
999
_c
12954
_d
12954